000 01513nam a22003977a 4500
003 CHAP
005 20220817043027.0
008 971010s1966 r 00010 d
010 _a63234
011 _a64206
035 _a69462
040 _cCHAP
082 0 4 _a581.38
_bD45Y
100 0 0 _aDelevoryas, Theodore.
245 1 _aDiversificación vegetal
260 _aMéxico, D. F. :
_bCECSA,
_c1966
300 _a193 p.
_b: ilus.
490 _aSerie moderna de biología
590 _aBATCH-UPD
_b10
_c20130110
_lUCH01
_h0111
590 _aBATCH-UPD
_b10
_c20130110
_lUCH01
_h2038
590 _aBATCH-UPD
_b10
_c20130410
_lUCH01
_h1353
590 _aBATCH-UPD
_b10
_c20130914
_lUCH01
_h1139
590 _aCONVERSION
_b10
_c20130109
_lUCH01
_h1334
650 1 4 _aEvolución (Plantas)
_939010
830 0 _aSerie moderna de biología
_9104970
901 _aBK
942 _cLIBRO
949 _a581.38 D45Y
_bBC
_cLIBRO
_d-63458
_eLIBRO
_fc.5
_h46312
_i69462
_si
949 _a581.38 D45Y
_bBC
_cLIBRO
_d-63461
_eLIBRO
_fc.6
_h46313
_i69462
_si
949 _a581.38 D45Y
_bBC
_cLIBRO
_d-63463
_eLIBRO
_fc.7
_h46314
_i69462
_si
949 _a581.38 D45Y
_bBC
_cLIBRO
_d-63464
_eLIBRO
_fc.8
_h46315
_i69462
_si
949 _a581.38 D45Y
_bBC
_cLIBRO
_d33724000539383
_eLIBRO
_fc.9
_h68498
_i69462
_si
949 _a581.38 D45Y
_bBC
_cLIBRO
_d33724000539391
_eLIBRO
_fc.2
_h44861
_i69462
_si
949 _a581.38 D45Y
_bBC
_cLIBRO
_d33724000539409
_eLIBRO
_fc.3
_h44862
_i69462
_si
949 _a581.38 D45Y
_bBC
_cLIBRO
_d33724000539425
_eLIBRO
_fc.4
_h46311
_i69462
_si
999 _c63234
_d63234